000 00283nam a2200109Ia 4500
008 190914s9999||||xx |||||||||||||| ||und||
100 _aKenneth C. Laudon
245 0 _aEssentials Of Management Information Systems
260 _aNew York
_bAddision
_c2000
300 _a644
942 _cBK
999 _c8652
_d8652